[Event "Oberliga Sued W 2122"]
[Site "Germany"]
[Date "2022.06.26"]
[Round "5.4"]
[White "Lang, Matthias"]
[Black "Geyer, Bernhard"]
[Result "0-1"]
[WhiteElo "2155"]
[BlackElo "2152"]
[PlyCount "76"]
[EventDate "2021.10.24"]
[EventType "team-tourn"]
[EventRounds "9"]
[EventCountry "GER"]
[SourceTitle "EXT 2023"]
[Source "ChessBase"]
[SourceDate "2022.10.05"]
[SourceVersion "1"]
[SourceVersionDate "2022.10.05"]
[SourceQuality "1"]
[WhiteTeam "Landau"]
[BlackTeam "Frankenthal"]
[WhiteTeamCountry "GER"]
[BlackTeamCountry "GER"]

1. d4 Nf6 2. Nf3 d5 3. Bg5 c6 4. c3 Nbd7 5. Nbd2 g6 6. e3 Bg7 7. Bd3 0-0 8. 0-0 h6 9. Bh4 c5 10. h3 b6 11. Ne5 Nxe5 12. dxe5 Nh7 13. f4 Qc7 14. Qe2 Bf5 15. e4 dxe4 16. Bc4 Rad8 17. Rad1 g5 18. fxg5 Qxe5 19. Qe3 hxg5 20. Bg3 Qf6 21. Bc7 Rc8 22. g4 Rxc7 23. Rxf5 Qg6 24. Nxe4 e6 25. Rf2 Kh8 26. Ng3 Nf6 27. Bd3 Qh6 28. Ne4 Nxe4 29. Bxe4 Be5 30. Kg2 Bf4 31. Qf3 f5 32. Bc2 Qh4 33. Re2 Rh7 34. Rxe6 fxg4 35. Qxg4 Qxg4+ 36. hxg4 Rh2+ 37. Kf3 Rxc2 38. Rd7 Rh2 0-1

[Event "Oberliga Sued W 2122"]
[Site "Germany"]
[Date "2022.06.12"]
[Round "4.6"]
[White "Kaster, Martin"]
[Black "Lang, Matthias"]
[Result "1/2-1/2"]
[WhiteElo "2041"]
[BlackElo "2155"]
[PlyCount "104"]
[EventDate "2021.10.24"]
[EventType "team-tourn"]
[EventRounds "9"]
[EventCountry "GER"]
[SourceTitle "EXT 2023"]
[Source "ChessBase"]
[SourceDate "2022.10.05"]
[SourceVersion "1"]
[SourceVersionDate "2022.10.05"]
[SourceQuality "1"]
[WhiteTeam "Altenkirchen"]
[BlackTeam "Landau"]
[WhiteTeamCountry "GER"]
[BlackTeamCountry "GER"]

1. Nf3 Nf6 2. c4 g6 3. Nc3 Bg7 4. g3 0-0 5. Bg2 d6 6. 0-0 c6 7. e4 a6 8. a4 a5 9. d4 Na6 10. h3 Bd7 11. Qe2 Rb8 12. e5 dxe5 13. dxe5 Ne8 14. Be3 Qc8 15. Kh2 Nec7 16. Bb6 Qe8 17. Ne4 Ne6 18. Bxa5 f5 19. exf6 exf6 20. Bc3 Nec5 21. Rfe1 Nxe4 22. Qxe4 Qxe4 23. Rxe4 Nc5 24. Re7 Rfe8 25. Rxe8+ Rxe8 26. b4 Ne4 27. Bd4 c5 28. bxc5 Bf8 29. a5 Bxc5 30. Bxc5 Nxc5 31. Nd4 Ra8 32. Bd5+ Kf8 33. Ra3 Ke7 34. Nb3 Nxb3 35. Rxb3 Rxa5 36. Rxb7 Kd6 37. g4 g5 38. Rb8 f5 39. gxf5 Bxf5 40. Rg8 Bg6 41. Kg3 Ra1 42. Kg2 Rc1 43. Rc8 Bf5 44. Re8 Bd3 45. Re6+ Kd7 46. Re5 h6 47. Re6 Bxc4 48. Bxc4 Rxc4 49. Rxh6 Ke7 50. Rg6 Rc5 51. Kg3 Kf7 52. Rb6 Rc4 1/2-1/2

[Event "Oberliga Sued W 1819"]
[Site "Germany"]
[Date "2018.11.25"]
[Round "3.7"]
[White "Giesler, Stephan"]
[Black "Lang, Matthias"]
[Result "0-1"]
[WhiteElo "2090"]
[BlackElo "2148"]
[PlyCount "74"]
[EventDate "2018.10.21"]
[EventType "team-tourn"]
[EventRounds "9"]
[EventCountry "GER"]
[SourceTitle "EXT 2020"]
[Source "ChessBase"]
[SourceDate "2019.10.17"]
[SourceVersion "1"]
[SourceVersionDate "2019.10.17"]
[SourceQuality "1"]
[WhiteTeam "Altenkirchen"]
[BlackTeam "Landau"]
[WhiteTeamCountry "GER"]
[BlackTeamCountry "GER"]

1. Nf3 c5 2. c4 Nc6 3. Nc3 Nf6 4. e4 d6 5. Be2 g6 6. 0-0 Bg7 7. d4 cxd4 8. Nxd4 0-0 9. Be3 Bd7 10. Qd2 a6 11. Rfd1 Re8 12. Rac1 Qa5 13. Nb3 Qd8 14. f3 Be6 15. Bf1 Nd7 16. Nd5 b6 17. Qf2 Rb8 18. Nf4 Qc8 19. Nxe6 fxe6 20. Qd2 Nc5 21. Nd4 Nxd4 22. Bxd4 Bxd4+ 23. Qxd4 e5 24. Qd5+ Kg7 25. g3 Rf8 26. Rc3 a5 27. b3 Rf6 28. Bg2 Na6 29. Rf1 Qc5+ 30. Rf2 Qd4 31. Rd3 Qxd5 32. Rxd5 Nc5 33. Bh3 Rbf8 34. Kg2 Nxe4 35. Rf1 Ng5 36. Rb5 Nxf3 37. Kh1 Rb8 0-1

[Event "Oberliga Sued W 1617"]
[Site "Germany"]
[Date "2016.10.16"]
[Round "2.7"]
[White "Lang, Matthias"]
[Black "Hoffmann, Thomas"]
[Result "0-1"]
[WhiteElo "2172"]
[BlackElo "2006"]
[PlyCount "108"]
[EventDate "2016.09.25"]
[EventType "team-tourn"]
[EventRounds "9"]
[EventCountry "GER"]
[SourceTitle "EXT 2018"]
[Source "ChessBase"]
[SourceDate "2017.10.13"]
[SourceVersion "1"]
[SourceVersionDate "2017.10.13"]
[SourceQuality "1"]
[WhiteTeam "Landau"]
[BlackTeam "Altenkirchen"]
[WhiteTeamCountry "GER"]
[BlackTeamCountry "GER"]

1. d4 d5 2. Nf3 Nf6 3. Bg5 e6 4. e3 Be7 5. Bd3 c5 6. c3 Nc6 7. 0-0 b6 8. Nbd2 Bb7 9. Qe2 0-0 10. Rad1 Qc7 11. Rfe1 e5 12. dxe5 Nxe5 13. Nxe5 Qxe5 14. Nf3 Qe6 15. Ba6 Bc6 16. Bb5 Bb7 17. a3 Ne4 18. Bxe7 Qxe7 19. Nd2 Rfd8 20. Nxe4 dxe4 21. Ba4 Qe6 22. Rxd8+ Rxd8 23. Rd1 Rxd1+ 24. Qxd1 Qd5 25. Bb3 Qxd1+ 26. Bxd1 Kf8 27. Bb3 Ke7 28. h3 f6 29. Bg8 h6 30. Kh2 Kd6 31. c4 Ke5 32. Kg3 g5 33. Kg4 f5+ 34. Kh5 Kf6 35. Kxh6 f4 36. Bd5 Ba6 37. exf4 gxf4 38. Bxe4 Bxc4 39. g4 fxg3 40. fxg3 Be6 41. Bg2 b5 42. g4 a5 43. Bc6 b4 44. axb4 axb4 45. g5+ Ke5 46. h4 c4 47. h5 c3 48. bxc3 b3 49. Ba4 b2 50. Bc2 Bf5 51. Bxf5 Kxf5 52. g6 Kf6 53. g7 Kf7 54. Kh7 b1Q+ 0-1

[Event "Oberliga Sued W 1415"]
[Site "Germany"]
[Date "2014.11.09"]
[Round "3.8"]
[White "Lang, Matthias"]
[Black "Hettergott, Thomas"]
[Result "1/2-1/2"]
[WhiteElo "2150"]
[BlackElo "2046"]
[PlyCount "174"]
[EventDate "2014.09.21"]
[EventType "team-tourn"]
[EventRounds "9"]
[EventCountry "GER"]
[SourceTitle "EXT 2019"]
[Source "ChessBase"]
[SourceDate "2018.10.10"]
[SourceVersion "1"]
[SourceVersionDate "2018.10.10"]
[SourceQuality "1"]
[WhiteTeam "Landau"]
[BlackTeam "Heidesheim"]
[WhiteTeamCountry "GER"]
[BlackTeamCountry "GER"]

1. d4 d6 2. Nf3 g6 3. Bg5 Bg7 4. c3 Nf6 5. Nbd2 Nbd7 6. e4 e5 7. Bd3 0-0 8. 0-0 c6 9. Re1 Qc7 10. dxe5 dxe5 11. b4 h6 12. Bh4 g5 13. Bg3 Nh5 14. Nc4 Nxg3 15. hxg3 b5 16. Ne3 Rd8 17. Qc2 a5 18. a3 Nf6 19. Be2 Be6 20. Nh2 Ra7 21. Nhg4 Nxg4 22. Bxg4 Bxg4 23. Nxg4 Rda8 24. Rac1 Qc8 25. Ne3 Qe6 26. c4 axb4 27. cxb5 cxb5 28. axb4 Ra2 29. Qc5 Qd7 30. Nd5 Qa7 31. Qxa7 R2xa7 32. Rc5 Rb7 33. Rec1 Bf8 34. Rc8 Rxc8 35. Rxc8 Kg7 36. g4 Bd6 37. Rc6 Bf8 38. Ra6 Kh7 39. Kf1 Kg7 40. Ke2 Kh7 41. Kd3 Kg7 42. Kc3 Rb8 43. Rb6 Rc8+ 44. Kd3 Rc1 45. Rxb5 Rd1+ 46. Ke2 Rb1 47. f3 Rb2+ 48. Kd3 Rxg2 49. Rb8 Rb2 50. b5 Bc5 51. b6 Bd4 52. Kc4 Rb1 53. Nb4 Rc1+ 54. Kb5 Bxb6 55. Rxb6 Rc3 56. Nc6 Rxf3 57. Nxe5 Rf4 58. Rb7 Rxe4 59. Rxf7+ Kg8 60. Rf5 Rf4 61. Kc5 Kg7 62. Kd5 Ra4 63. Rf7+ Kg8 64. Rf6 Kg7 65. Rg6+ Kh7 66. Rc6 Ra5+ 67. Ke6 h5 68. gxh5 Kh6 69. Rc8 Ra6+ 70. Kf5 Kxh5 71. Rh8+ Rh6 72. Rg8 Ra6 73. Rxg5+ Kh4 74. Nf3+ Kh3 75. Ne5 Ra5 76. Rg6 Ra2 77. Kf4 Ra4+ 78. Ke3 Ra3+ 79. Nd3 Kh4 80. Ke4 Ra4+ 81. Kf5 Ra5+ 82. Ne5 Kh3 83. Rd6 Kg3 84. Rd3+ Kf2 85. Rb3 Ra8 86. Nc6 Rf8+ 87. Ke4 Re8+ 1/2-1/2

[Event "Oberliga Sued W 1314"]
[Site "Germany"]
[Date "2014.04.06"]
[Round "9.7"]
[White "Ripperger, Reinhold"]
[Black "Lang, Matthias"]
[Result "1/2-1/2"]
[WhiteElo "2017"]
[BlackElo "2161"]
[PlyCount "140"]
[EventDate "2013.10.13"]
[EventType "team-tourn"]
[EventRounds "9"]
[EventCountry "GER"]
[SourceTitle "EXT 2015"]
[Source "ChessBase"]
[SourceDate "2014.11.20"]
[SourceVersion "1"]
[SourceVersionDate "2014.11.20"]
[SourceQuality "1"]
[WhiteTeam "Schwarzenbach II"]
[BlackTeam "Landau"]
[WhiteTeamCountry "GER"]
[BlackTeamCountry "GER"]

1. e4 g6 2. d4 c6 3. Nc3 Bg7 4. Bc4 d6 5. Nf3 Nf6 6. 0-0 0-0 7. Bg5 b5 8. Bd3 a6 9. Ne2 Nbd7 10. Qd2 e5 11. c3 Qc7 12. Bh6 d5 13. Ng3 exd4 14. Nxd4 Nc5 15. Bxg7 Kxg7 16. exd5 Nxd3 17. Qxd3 Nxd5 18. Rad1 Nf4 19. Qe3 Bb7 20. Ndf5+ gxf5 21. Qxf4 Qxf4 22. Nh5+ Kg8 23. Nxf4 Rad8 24. f3 c5 25. Kf2 Kg7 26. Rfe1 Rfe8 27. Rxd8 Rxd8 28. Re7 Bd5 29. b3 Kf6 30. Ra7 Rd6 31. Nxd5+ Rxd5 32. Rxa6+ Ke5 33. Ke2 b4 34. cxb4 cxb4 35. g3 f4 36. Rh6 fxg3 37. hxg3 Ra5 38. Rxh7 Rxa2+ 39. Kd3 f5 40. Kc4 Rf2 41. Re7+ Kf6 42. Re3 Kg5 43. Rd3 Rg2 44. g4 fxg4 45. fxg4 Kxg4 46. Kxb4 Kf4 47. Kc5 Ke4 48. Rd4+ Ke5 49. Rd1 Rc2+ 50. Kb5 Rc8 51. b4 Rb8+ 52. Kc4 Rc8+ 53. Kb3 Rb8 54. Rd2 Ke6 55. Rd4 Ke5 56. Kc3 Rb5 57. Rd8 Rd5 58. Rc8 Kd6 59. Kc4 Rh5 60. Kb3 Kd7 61. Rc4 Rh8 62. b5 Rc8 63. Rh4 Re8 64. Kb4 Kc7 65. Rh7+ Kb6 66. Rh6+ Kb7 67. Rg6 Re1 68. Rc6 Rb1+ 69. Kc5 Rc1+ 70. Kd6 Rd1+ 1/2-1/2

[Event "Oberliga Sued W 1314"]
[Site "Germany"]
[Date "2013.12.15"]
[Round "4.7"]
[White "Werner, Dimo"]
[Black "Lang, Matthias"]
[Result "1/2-1/2"]
[WhiteElo "2139"]
[BlackElo "2161"]
[PlyCount "35"]
[EventDate "2013.10.13"]
[EventType "team-tourn"]
[EventRounds "9"]
[EventCountry "GER"]
[SourceTitle "EXT 2015"]
[Source "ChessBase"]
[SourceDate "2014.11.20"]
[SourceVersion "1"]
[SourceVersionDate "2014.11.20"]
[SourceQuality "1"]
[WhiteTeam "Schott Mainz II"]
[BlackTeam "Landau"]
[WhiteTeamCountry "GER"]
[BlackTeamCountry "GER"]

1. d4 f5 2. Nf3 Nf6 3. g3 g6 4. Bg2 Bg7 5. 0-0 0-0 6. c4 d6 7. Nc3 Qe8 8. Re1 Qf7 9. b3 h6 10. Bb2 c6 11. d5 Ne4 12. Rc1 c5 13. e3 Na6 14. Re2 Bd7 15. Ne1 Nxc3 16. Bxc3 Bxc3 17. Rxc3 Qf6 18. Qd2 1/2-1/2

[Event "Oberliga Sued W 1314"]
[Site "Germany"]
[Date "2013.11.10"]
[Round "2.8"]
[White "Lang, Matthias"]
[Black "Gellendin, Ingo"]
[Result "1/2-1/2"]
[WhiteElo "2161"]
[BlackElo "2140"]
[PlyCount "85"]
[EventDate "2013.10.13"]
[EventType "team-tourn"]
[EventRounds "9"]
[EventCountry "GER"]
[SourceTitle "EXT 2015"]
[Source "ChessBase"]
[SourceDate "2014.11.20"]
[SourceVersion "1"]
[SourceVersionDate "2014.11.20"]
[SourceQuality "1"]
[WhiteTeam "Landau"]
[BlackTeam "Schwegenheim"]
[WhiteTeamCountry "GER"]
[BlackTeamCountry "GER"]

1. e4 g6 2. d4 Bg7 3. Nc3 d6 4. Bg5 a6 5. a4 Nd7 6. Qd2 c5 7. d5 Qb6 8. Rb1 Qb4 9. Nf3 Nb6 10. a5 Nc4 11. Bxc4 Qxc4 12. e5 dxe5 13. b3 Qb4 14. Na4 Bf5 15. 0-0 Qxd2 16. Nxd2 Rc8 17. Rbc1 Nf6 18. c4 h6 19. Be3 Nd7 20. f3 h5 21. b4 cxb4 22. c5 0-0 23. c6 bxc6 24. dxc6 Nf6 25. c7 Nd5 26. Bb6 Bh6 27. Rfd1 Bd7 28. Nc5 Bb5 29. Nb7 Nc3 30. Ne4 Bxc1 31. Nxc3 bxc3 32. Rxc1 f6 33. Rxc3 Rfe8 34. Rc2 Kg7 35. Kf2 f5 36. Ke3 Kf6 37. Rd2 f4+ 38. Kf2 g5 39. Rd8 Kf7 40. Nc5 Rg8 41. h3 Kf6 42. Ne4+ Ke6 43. Nc5+ 1/2-1/2

[Event "Oberliga Sued W 1314"]
[Site "Germany"]
[Date "2013.10.13"]
[Round "1.6"]
[White "Sattel, Dominique"]
[Black "Lang, Matthias"]
[Result "1/2-1/2"]
[WhiteElo "2110"]
[BlackElo "2161"]
[PlyCount "44"]
[EventDate "2013.10.13"]
[EventType "team-tourn"]
[EventRounds "9"]
[EventCountry "GER"]
[SourceTitle "EXT 2015"]
[Source "ChessBase"]
[SourceDate "2014.11.20"]
[SourceVersion "1"]
[SourceVersionDate "2014.11.20"]
[SourceQuality "1"]
[WhiteTeam "Worms"]
[BlackTeam "Landau"]
[WhiteTeamCountry "GER"]
[BlackTeamCountry "GER"]

1. Nc3 d5 2. e4 Nf6 3. exd5 Nxd5 4. Ne4 Bf5 5. Ng3 Bg6 6. Bc4 Nb6 7. Bb3 Nc6 8. Nf3 e6 9. d4 Be7 10. c3 Bf6 11. Bf4 Na5 12. Bc2 Nd5 13. Be5 Bxc2 14. Qxc2 Nc6 15. 0-0 0-0 16. Rad1 Be7 17. c4 Nf6 18. Ng5 g6 19. Qe2 Ne8 20. N5e4 Ng7 21. Rfe1 f6 22. Bf4 Nxd4 1/2-1/2

[Event "Oberliga Sued W 1112"]
[Site "Germany"]
[Date "2011.10.23"]
[Round "2"]
[White "Hoegerl, Gerd"]
[Black "Lang, Matthias"]
[Result "1/2-1/2"]
[WhiteElo "2218"]
[BlackElo "2206"]
[PlyCount "33"]
[EventDate "2011.09.25"]
[EventType "team-tourn"]
[EventRounds "9"]
[EventCountry "GER"]
[SourceTitle "EXT 2013"]
[Source "ChessBase"]
[SourceDate "2012.11.22"]
[SourceVersion "1"]
[SourceVersionDate "2012.11.22"]
[SourceQuality "1"]
[WhiteTeam "Mutterstadt"]
[BlackTeam "Landau"]
[WhiteTeamCountry "GER"]
[BlackTeamCountry "GER"]

1. d4 Nf6 2. c4 g6 3. Nc3 Bg7 4. e4 d6 5. Be2 0-0 6. Bg5 Na6 7. Qd2 e5 8. d5 Qe8 9. Bd1 Nc5 10. Bc2 a5 11. Nge2 Bd7 12. f3 Nh5 13. g4 Nf4 14. Nxf4 exf4 15. Bxf4 f5 16. gxf5 Rxf5 17. 0-0-0 1/2-1/2

[Event "Oberliga Sued W 1011"]
[Site "Germany"]
[Date "2011.02.27"]
[Round "7.6"]
[White "Robert, Josef"]
[Black "Lang, Matthias"]
[Result "0-1"]
[WhiteElo "1876"]
[BlackElo "2137"]
[PlyCount "64"]
[EventDate "2010.10.10"]
[EventType "team-tourn"]
[EventRounds "9"]
[EventCountry "GER"]
[SourceTitle "EXT 2012"]
[Source "ChessBase"]
[SourceDate "2011.11.24"]
[SourceVersion "1"]
[SourceVersionDate "2011.11.24"]
[SourceQuality "1"]
[WhiteTeam "Winterbach Turm"]
[BlackTeam "Landau"]
[WhiteTeamCountry "GER"]
[BlackTeamCountry "GER"]

1. d4 f5 2. g3 Nf6 3. Bg2 g6 4. Nf3 Bg7 5. c4 0-0 6. 0-0 d6 7. d5 Na6 8. Nc3 Bd7 9. Nd4 Qe8 10. b4 Nxb4 11. Rb1 c5 12. Ne6 Bxe6 13. dxe6 Rb8 14. Rb3 Qc8 15. a3 Nc6 16. Bd5 Nd4 17. Rb1 Nxe6 18. Re1 Nxd5 19. Nxd5 Qd7 20. e4 Nd4 21. exf5 Rbe8 22. Bg5 Nxf5 23. g4 Nd4 24. Re3 e6 25. Nf4 h6 26. Nxg6 hxg5 27. Nxf8 Rxf8 28. Qd3 Qf7 29. Rh3 Bf6 30. Rh6 b6 31. Re1 Be5 32. Rg6+ Bg7 0-1

[Event "Oberliga Sued W 0910"]
[Site "Germany"]
[Date "2009.10.18"]
[Round "1.5"]
[White "Lang, Matthias"]
[Black "Erdmann, Stefan"]
[Result "0-1"]
[WhiteElo "2221"]
[BlackElo "2199"]
[PlyCount "86"]
[EventDate "2009.10.18"]
[EventType "team-tourn"]
[EventRounds "9"]
[EventCountry "GER"]
[SourceTitle "EXT 2011"]
[Source "ChessBase"]
[SourceDate "2010.11.26"]
[SourceVersion "1"]
[SourceVersionDate "2010.11.26"]
[SourceQuality "1"]
[WhiteTeam "Landau"]
[BlackTeam "Ludwigshafen"]
[WhiteTeamCountry "GER"]
[BlackTeamCountry "GER"]

1. e4 c5 2. Nf3 Nc6 3. d4 cxd4 4. Nxd4 Nf6 5. Nc3 d6 6. Bg5 e6 7. Qd2 Be7 8. f4 Nxd4 9. Qxd4 0-0 10. 0-0-0 Qa5 11. Kb1 Rd8 12. Be2 e5 13. Qd2 exf4 14. Nd5 Qxd2 15. Nxe7+ Kf8 16. Rxd2 Kxe7 17. Bf3 h6 18. Bxf4 g5 19. Bg3 Be6 20. Re1 Ng4 21. e5 Nxe5 22. Bxb7 Rab8 23. Bd5 f6 24. b3 Rdc8 25. Bf2 Rc7 26. Re4 Bxd5 27. Rxd5 Rbc8 28. c4 a6 29. Bb6 Rc6 30. Ba5 Rc5 31. Rxc5 Rxc5 32. Bb4 Rc6 33. Rd4 f5 34. Rd5 Ke6 35. h3 f4 36. Kc2 Nxc4 37. Rd4 Ne3+ 38. Kd3 d5 39. h4 Nc2 40. hxg5 Nxd4 41. Kxd4 hxg5 42. Bc5 g4 43. b4 g3 0-1